|
|
แสดงรายละเอียดบรรณานุกรม |
|
|
Brief Record
: Get Marc (ISO 2709)
: E-mail record
: |
| LEADER 00000nama 2200000uu 4500 | |||
| 008 040531s2533 th m m a000 0 tha d | |||
| 041 tha | |||
| 050 WP570 ค181 2533 | |||
| 100 พวงเพ็ญ ริมดุสิต | |||
| 245 ความก้าวหน้าในหลักการและวิธีการแก้ปัญหามีบุตรยาก/บรรณาธิกา พวงเพ็ญ ริมดุสิต 001 | |||
| 260 กรุงเทพฯ ข้าวฟ่าง 2533 | |||
| 300 432 | |||
| 650 สูติศาสตร์ สูติศาสตร์การมีบุตรยากการเป็นหมันพวงเพ็ญ ริมดุสิต,บรรณาธิการ | |||
| 998 1998-11-15 | |||
| คุณยังไม่ได้ล็อกอิน คุณสามารถมีกิจกรรมร่วมกับเว็บไซต์ได้ แต่ต้องล็อกอินก่อน :: |
|
| สถานะ | |||||||||
| 1. | หนังสือทั่วไป | WP570 ค181 2533 | On Shelf ขอยืม | ||||||
| 2. | หนังสือทั่วไป | WP570 ค181 2533 | On Shelf ขอยืม | ||||||
| 3. | หนังสือทั่วไป | WP570 ค181 2533 | On Shelf ขอยืม | ||||||
| 4. | หนังสือทั่วไป | WP570 ค181 2533 | On Shelf ขอยืม | ||||||
| 5. | หนังสือทั่วไป | WP570 ค181 2533 | On Shelf ขอยืม | ||||||
| [แสดง 5/5 รายการ] | |||||||||
BibComment |
| คอมเมนท์ทรัพยากรรายการนี้ |
|
|